Derecho y razón (Registro nro. 21097)
[ vista simple ]
| 000 -ENCABEZADO | |
|---|---|
| Número de control [NR] | 00998nam a2200289Ia 4500 |
| 005 - FECHA Y HORA DE LA ÚLTIMA TRANSACCIÓN | |
| control field | 20220117102238.0 |
| 008 - DE LONGITUD FIJA DE DATOS DE ELEMENTOS - INFORMACIÓN GENERAL | |
| Elementos de longitud fija [NR] | 130821s2011 sp gr spa |
| 020 ## - NUMERO INTERNACIONAL NORMALIZADO PARA LIBROS [R] | |
| Número Internacional Normalizado del libro [NR] | 9788498790467 (10a.Ed.) |
| 020 ## - NUMERO INTERNACIONAL NORMALIZADO PARA LIBROS [R] | |
| Número Internacional Normalizado del libro [NR] | 8481644951 (7a.Ed.) |
| 020 ## - NUMERO INTERNACIONAL NORMALIZADO PARA LIBROS [R] | |
| Número Internacional Normalizado del libro [NR] | 8481641669 (2a.Ed.) |
| 040 ## - FUENTE DE CATALOGACION [NR] | |
| Agencia de catalogación original [NR] | Co-BoUCM |
| Idioma de catalogación [NR] | spa |
| Quien Cataloga | Deissy Garcia (modificó) |
| Quien Clasifica | [Nuevo] |
| 041 00 - CODIGO DE IDIOMA [R] | |
| Código de idioma para texto/pista de sonido o título separado [R] | Español |
| 100 10 - ASIENTO PRINCIPAL--NOMBRE PERSONAL [NR] | |
| Nombre personal [NR] | Ferrajoli, Luigi |
| Fechas asociadas con el nombre [NR] | 1940- |
| ID Autoridad | 30983 |
| 245 10 - MENCION DE TITULO [NR] | |
| Título [NR] | Derecho y razón |
| Parte restante del título [NR] | teoría del garantismo penal |
| Mención de responsabilidad, etc. [NR] | Luigi Ferrajoli ; traducción de Perfecto Andrés Ibañez ... (y otros.) |
| 250 ## - MENCION DE EDICION [NR] | |
| Mención de edición [NR] | Décima edición |
| 260 ## - PUBLICACION, DISTRIBUCION, ETC. (PIE DE IMPRENTA) [R] | |
| Lugar de publicación, distribución, etc. [R] | Madrid (España) |
| Nombre del editor, distribuidor, etc. [R] | Trotta |
| Fecha de publicación, distribución, etc. [R] | 2011 |
| 300 ## - DESCRIPCION FISICA [R] | |
| Extensión [R] | 1019 páginas |
| 490 0# - MENCION DE SERIE [R] | |
| Mención de serie [R] | Estructuras y Procesos. Serie Derecho |
| 650 04 - ASIENTO SECUNDARIO DE MATERIA - TERMINO TEMATICO [R] | |
| Término temático o nombre geográfico como elemento de entrada [NR] | Delitos |
| 9 (RLIN) | 12564 |
| 650 04 - ASIENTO SECUNDARIO DE MATERIA - TERMINO TEMATICO [R] | |
| Término temático o nombre geográfico como elemento de entrada [NR] | Derecho penal |
| 9 (RLIN) | 12805 |
| 650 04 - ASIENTO SECUNDARIO DE MATERIA - TERMINO TEMATICO [R] | |
| Término temático o nombre geográfico como elemento de entrada [NR] | Filosofía del derecho |
| 9 (RLIN) | 15792 |
| 650 04 - ASIENTO SECUNDARIO DE MATERIA - TERMINO TEMATICO [R] | |
| Término temático o nombre geográfico como elemento de entrada [NR] | Penas |
| 9 (RLIN) | 21249 |
| 650 04 - ASIENTO SECUNDARIO DE MATERIA - TERMINO TEMATICO [R] | |
| Término temático o nombre geográfico como elemento de entrada [NR] | Teoría del derecho |
| 9 (RLIN) | 25308 |
| 765 ## - ASIENTO DE IDIOMA ORIGINAL [R] | |
| Título [NR] | Diritto e ragione |
| 942 ## - ELEMENTOS DE ENTRADA AGREGADOS (KOHA) | |
| Tipo de ítem principal el descrito en 300a | Libro |
| Sistema de clasificación | DEWEY |
| Tema principal | Derecho |
| Edición | 10 |
| Clasificación | 345 |
| Parte restante de la signatura top. | F37d |
| Título oculto en OPAC | No |
| Fecha de último préstamo | Total préstamos | Total Renewals | Signatura topográfica | Código de barras | Última vez visto | Volúmen / Fascículo | Ejemplar | Price effective from | Tipo de ítem | Perdido | Sistema de clasificación | Dañado | No prestable | Tipo de ítem específico | Suprimido | Ubicación habitual | Ubicación actual | Localización | Fecha de creación | Forma de adquisición | Costo | Prestado | Costo de reposición | Proveedor |
|---|---|---|---|---|---|---|---|---|---|---|---|---|---|---|---|---|---|---|---|---|---|---|---|---|
| 03/06/2025 | 42 | 4 | 345 F37d | 100041780 | 23/01/2026 | 2a.Ed. | Ej.1 | 03/02/2013 | Libro | Extraviado | DEWEY | Libro | Claustro | Claustro | 3er piso | 28/02/2003 | Compra | 135000.00 | ||||||
| 06/06/2026 | 6 | 7 | 345 F37d | 100157378 | 06/06/2026 | 10a.Ed. | Ej.2 | 14/06/2018 | Libro | DEWEY | Libro | Claustro | Claustro | 3er piso | 14/06/2018 | Compra | 178500.00 | 06/07/2026 | 178500.00 | 35 | ||||
| 345 F37d | 100157377 | 03/07/2026 | 10a.Ed. | Ej.1 | 14/06/2018 | Libro de reserva | DEWEY | Libro de reserva | Claustro | Claustro | 3er piso | 14/06/2018 | Compra | 178500.00 | 178500.00 | 35 | ||||||||
| 345 F37d | 100168968 | 09/12/2024 | 7a.Ed. | Ej.1 | 17/01/2022 | Libro | DEWEY | Libro | BodegaJK | Claustro | Préstamo 2 días después de solicitado | 17/01/2022 | Donación | 26000.00 |